Alle PDC Darts Turniersieger 2025 - Statistiken

Allgemein
  • Dieses Quiz wurde 98 mal gespielt
    18 seit der letzten Aktualisierung
  • Das Durchschnittsergebnis liegt bei 54 aus 65
Antwortstatistiken
Turnier Dartsspieler Land % Korrekt
Players Championship 2 Gerwyn Price Wales
100%
Players Championship 9 Gerwyn Price Wales
100%
Players Championship 12 Gerwyn Price Wales
100%
Poland Darts Masters Gerwyn Price Wales
100%
Baltic Sea Darts Open Gerwyn Price Wales
100%
Players Championship 26 Gerwyn Price Wales
100%
World Masters Luke Humphries England
100%
U.S. Darts Masters Luke Humphries England
100%
Czech Darts Open Luke Humphries England
100%
World Darts Championship Luke Littler England
100%
UK Open Luke Littler England
100%
Belgian Darts Open Luke Littler England
100%
World Matchplay Luke Littler England
100%
Australian Darts Masters Luke Littler England
100%
New Zealand Darts Masters Luke Littler England
100%
Flanders Darts Trophy Luke Littler England
100%
World Grand Prix Luke Littler England
100%
Players Championship 32 Luke Littler England
100%
Grand Slam of Darts Luke Littler England
100%
Players Championship Finals Luke Littler England
100%
Players Championship 8 Martin Schindler Deutschland
100%
Austrian Darts Open Martin Schindler Deutschland
100%
German Darts Grand Prix Michael van Gerwen Niederlande
100%
World Series of Darts Finals Michael van Gerwen Niederlande
100%
Bahrain Darts Masters Stephen Bunting England
93%
International Darts Open Stephen Bunting England
93%
Nordic Darts Masters Stephen Bunting England
93%
Players Championship 18 Stephen Bunting England
93%
Players Championship 25 Stephen Bunting England
93%
Swiss Darts Trophy Stephen Bunting England
93%
Players Championship 7 Gary Anderson Schottland
87%
European Darts Grand Prix Gary Anderson Schottland
87%
Players Championship 6 Gian van Veen Niederlande
87%
European Championship Gian van Veen Niederlande
87%
Players Championship 19 James Wade England
87%
Players Championship 14 Jonny Clayton Wales
87%
Dutch Darts Championship Jonny Clayton Wales
87%
Players Championship 3 Chris Dobey England
80%
Players Championship 17 Chris Dobey England
80%
Players Championship 33 Chris Dobey England
80%
World Cup of Darts Daryl Gurney / Josh Rock Nordirland
80%
Players Championship 10 Josh Rock Nordirland
80%
Players Championship 15 Krzysztof Ratajski Polen
80%
Hungarian Darts Trophy Niko Springer Deutschland
80%
Players Championship 16 Ross Smith England
80%
Players Championship 29 Ross Smith England
80%
Players Championship 30 Wessel Nijman Niederlande
80%
Players Championship 34 Wessel Nijman Niederlande
80%
Players Championship 13 Damon Heta Australien
73%
Players Championship 20 Damon Heta Australien
73%
European Darts Trophy Nathan Aspinall England
67%
European Darts Open Nathan Aspinall England
67%
German Darts Championship Nathan Aspinall England
67%
Dutch Darts Masters Rob Cross England
60%
Players Championship 1 Rob Cross England
60%
Players Championship 4 Ryan Searle England
60%
Players Championship 28 Ryan Searle England
60%
Players Championship 11 Cameron Menzies Schottland
53%
Players Championship 22 Jermaine Wattimena Niederlande
53%
Players Championship 31 Jermaine Wattimena Niederlande
53%
Players Championship 23 Sebastian Bialecki Polen
53%
Players Championship 24 Jeffrey de Graaf Schweden
47%
Players Championship 5 Joe Cullen England
40%
Players Championship 27 Joe Cullen England
40%
Players Championship 21 Bradley Brooks England
20%
Keine übereinstimmenden Quizze gefunden
Verteilung der Resultate
Anzahl Personen mit jedem Resultat
Perzentil nach korrekt beantworteten Fragen
Ihre Resultats-Entwicklung
Sie haben dieses Quiz seit der letzten Aktualisierung nicht gespielt